Impression fabric of manmade fiber from Japan

Spremljeno u:
Bibliografski detalji
Autor kompanije: United States International Trade Commission
Format: Knjiga
Jezik:Undetermined
Izdano: Washington United States International Trade Commission 1978
Teme:
Oznake: Dodaj oznaku
Bez oznaka, Budi prvi tko označuje ovaj zapis!
Thư viện lưu trữ: Trung tâm Học liệu Trường Đại học Cần Thơ
LEADER 00600nam a2200193Ia 4500
001 CTU_99669
008 210402s9999 xx 000 0 und d
082 |a 677.028 
082 |b U58 
110 |a United States International Trade Commission 
245 0 |a Impression fabric of manmade fiber from Japan 
245 0 |c United States International Trade Commission 
260 |a Washington 
260 |b United States International Trade Commission 
260 |c 1978 
650 |a Fibers 
650 |x Textile materials 
904 |i Giang 
980 |a Trung tâm Học liệu Trường Đại học Cần Thơ